Ohodnocovanie akcií vybranej akciovej spoločnosti diplomová práca

Gespeichert in:
Bibliographische Detailangaben
1. Verfasser: Znášik, Róbert
Körperschaft: Fakulta podnikového manažmentu EU. Katedra podnikových financií
Weitere Verfasser: Hrvoľová, Božena
Format: Buch
Sprache:Slowakisch
Veröffentlicht: Bratislava 2011
Tags: Tag hinzufügen
Keine Tags, Fügen Sie das erste Tag hinzu!

MARC

LEADER 00000nbm a2200000 4500
001 0131549
005 20161109101713.3
041 0 |a slo 
044 |a SK 
245 1 0 |a Ohodnocovanie akcií vybranej akciovej spoločnosti  |b diplomová práca  |c Róbert Znášik ; školiteľ: Božena Hrvoľová 
264 1 |a Bratislava  |c 2011 
300 |a 85 s. 
100 1 |a Znášik, Róbert 
700 1 |a Hrvoľová, Božena 
710 2 |a Fakulta podnikového manažmentu EU. Katedra podnikových financií